LEADER 04451nam 2200601Ia 450 001 9910456510003321 005 20200520144314.0 010 $a1-61668-302-3 035 $a(CKB)2550000000010759 035 $a(EBL)3018160 035 $a(SSID)ssj0000426258 035 $a(PQKBManifestationID)11264039 035 $a(PQKBTitleCode)TC0000426258 035 $a(PQKBWorkID)10373306 035 $a(PQKB)10599109 035 $a(MiAaPQ)EBC3018160 035 $a(Au-PeEL)EBL3018160 035 $a(CaPaEBR)ebr10659082 035 $a(OCoLC)923657352 035 $a(EXLCZ)992550000000010759 100 $a20081106d2009 uy 0 101 0 $aeng 135 $aur|n|---||||| 181 $ctxt 182 $cc 183 $acr 200 00$aProgress in porous media research$b[electronic resource] /$fKong Shuo Tian and He-Jing Shu, editors 210 $aNew York $cNova Science Publishers$dc2009 215 $a1 online resource (594 p.) 300 $aDescription based upon print version of record. 311 $a1-60692-435-4 320 $aIncludes bibliographical references and index. 327 $a""PROGRESS IN POROUS MEDIA RESEARCH ""; ""PROGRESS IN POROUS MEDIA RESEARCH ""; ""CONTENTS ""; ""PREFACE ""; ""RESEARCH AND REVIEW STUDIES""; ""ADVANCES IN SYNTHESIS AND APPLICATIONS OF ORDERED POROUS MATERIALS ""; ""ABSTRACT""; ""1. INTRODUCTION ""; ""2. ZEOLITES ""; ""3. MESOPOROUS SILICA MATERIALS ""; ""4. ORDERED MESOPOROUS CARBON ""; ""5. NON-SILICEOUS MESOPOROUS MATERIALS ""; ""6. MESOPOROUS ZEOLITE ""; ""7. LAYERED CLAY MATERIALS""; ""CONCLUSION AND FUTURE PROSPECTIVE ""; ""REFERENCES ""; ""HEAT AND MASS TRANSFER IN POROUS MEDIA UNDER PHASE TRANSITION CONDITIONS: FREEZING OF SOILS "" 327 $a""ABSTRACT """"1. INTRODUCTION ""; ""2. THE PRINCIPAL TRANSFER MECHANISMS ""; ""3. EQUATIONS OF THE HEAT AND MASS TRANSFER PROCESS IN MULTIPHASE POROUS MEDIA""; ""4. FREEZING OF SOIL: THREE-ZONE MODEL ""; ""CONCLUSION ""; ""REFERENCES ""; ""APPENDIX. THE SYSTEM OF EQUATIONS (4.44)a???(4.46) ""; ""TRANSIENT INFINITE ELEMENT THEORY FOR SIMULATING HEAT TRANSFER AND MASS TRANSPORT PROBLEMS IN FLUID-SATURATED POROUS MEDIA OF INFINITE DOMAINS ""; ""ABSTRACT ""; ""1. INTRODUCTION "" 327 $a""2. FUNDAMENTAL THEORY OF TRANSIENT INFINITE ELEMENTS FOR SIMULATING MASS TRANSPORT PROBLEMS IN FLUID-SATURATED POROUS MEDIA OF INFINITE DOMAINS""""3. FUNDAMENTAL THEORY OF TRANSIENT INFINITE ELEMENTS FOR SIMULATING HEAT TRANSFER PROBLEMS IN FLUID-SATURATED POROUS MEDIA OF INFINITE DOMAINS ""; ""4. VERIFICATION OF THE PROPOSED TRANSIENT INFINITE ELEMENTS FOR SIMULATING MASS TRANSPORT AND HEAT TRANSFER PROBLEMS IN FLUID-SATURATED POROUS MEDIA OF INFINITE DOMAINS ""; ""5. CONCLUSIONS AND DISCUSSIONS""; ""ACKNOWLEDGMENTS ""; ""REFERENCES "" 327 $a""NUMERICAL SIMULATION OF FLUID FLOW AND HEAT TRANSFER IN POROUS MEDIA""""ABSTRACT ""; ""NOMENCLATURE""; ""1.1. INTRODUCTION ""; ""1.2. LATTICE BOLTZMANN SIMULATION OF FLUID FLOWS IN POROUS MEDIA ""; ""1.3. SIMULATION OF HEAT CONDUCTION IN POROUS MEDIA USING THE FINITE VOLUME METHOD (FVM) ""; ""1.4. LATTICE BOLTZMANN SIMULATION OF FLOW-SOLID COUPLING HEAT TRANSFER IN POROUS MEDIA ""; ""CONCLUSIONS ""; ""ACKNOWLEDGMENTS""; ""REFERENCES ""; ""MODELING OF TRANSPORT PHENOMENA IN POROUS MEDIA USING NETWORK MODELS ""; ""ABSTRACT ""; ""INTRODUCTION "" 327 $a""PART A a??? REVISION OF NETWORK MODELS PROPOSED IN LITERATURE """"NETWORK MODELS a??? TYPES AND CHARACTERIZATION ""; ""FLUID FLOW MODELING ""; ""MASS TRANSPORT MODELING ""; ""PART B - NETWORK MODEL PROPOSED ""; ""NETWORK MODEL ""; ""HYDRODYNAMIC MODEL ""; ""MASS TRANSPORT ""; ""CONCLUSION ""; ""REFERENCES ""; ""ADVANCES IN INTEGRATED MODELING OF MASS TRANSPORT AND GEO-MECHANICS IN COAL SEAMS FOR CO2 GEO-SEQUESTRATION ""; ""ABSTRACT ""; ""NOTATION ""; ""INTRODUCTION""; ""EXPERIMENTAL EQUIPMENT AND PROCEDURE FOR CO2 GEO-SEQUESTRATION "" 327 $a""COAL SPECIMEN PREPARATION AND SURFACE CHARACTERISATION"" 606 $aPorous materials 606 $aPorosity 608 $aElectronic books. 615 0$aPorous materials. 615 0$aPorosity. 676 $a620.1/16 701 $aTian$b Kong Shuo$0870140 701 $aShu$b He-Jing$0870141 801 0$bMiAaPQ 801 1$bMiAaPQ 801 2$bMiAaPQ 906 $aBOOK 912 $a9910456510003321 996 $aProgress in porous media research$91942558 997 $aUNINA LEADER 01150nam a2200289 i 4500 001 991001907819707536 005 20020508183553.0 008 960523s1993 fr ||| | ||| 020 $a2711611728 035 $ab10930759-39ule_inst 035 $aPARLA150999$9ExL 040 $aIstituto di Filosofia$bita 100 1 $aMargolin, Jean-Claude$0159713 245 10$aAlchimie et philosophie a' la renaissance :$bActes du colloque international de tours (4-7 decembre 1991) /$crenuis sous la direction de Jean-Claude Margolin et Sylvain Matton 260 $aParis :$bLibrairie Vrin,$c1993 300 $a478 p. ;$c24 cm. 490 0 $aDe Pétrarque à Descartes ;$v57 650 4$aAlchimia$xConvegni$y1991 650 4$aConvegni$y1991 650 4$aFilosofia$xConvegni$y1991 700 1 $aMatton, Sylvain 907 $a.b10930759$b23-02-17$c28-06-02 912 $a991001907819707536 945 $aLE005 Ist.Fil. XXVII G 2$g1$i2005000285219$lle005$o-$pE0.00$q-$rl$s- $t0$u2$v1$w2$x0$y.i1103581x$z28-06-02 996 $aAlchimie et philosophie a' la renaissance$9919892 997 $aUNISALENTO 998 $ale005$b01-01-96$cm$da $e-$feng$gfr $h0$i1